000 00621nam a2200181Ia 4500
008 151018s9999 xx 000 0 und d
082 _bRBASDV18409
_a891.463
100 _aसुमन क्षेत्रमाडे
245 _aशततारका
250 _b1
260 _bबांदोडकर पब्लिशिंग कंपनी मुंबई
_c1985
300 _a215
600 _aसुमन क्षेत्रमाडे
630 _aशततारका
700 _aसुमन क्षेत्रमाडे
730 _aशततारका
942 _cBOOK
999 _c1019071
_d1019068